LA RIVISTA DEL CLERO ITALIANO. MAGGIO 2000. (Record n. 334253)
[ formato base ]
| 000 -LEADER | |
|---|---|
| fixed length control field | 01518nas a2200277Ia 4500 |
| 001 - CONTROL NUMBER | |
| control field | R052-S6107 |
| 003 - CONTROL NUMBER IDENTIFIER | |
| control field | IT-CnALBA |
| 008 - FIXED-LENGTH DATA ELEMENTS--GENERAL INFORMATION | |
| fixed length control field | 170116c99999999xx |||||||||||| ||und|| |
| 040 ## - CATALOGING SOURCE | |
| Original cataloging agency | IT-CnALBA |
| Transcribing agency | IT-CnALBA |
| 041 ## - LANGUAGE CODE | |
| Language code of text/sound track or separate title | ITALIANO |
| 999 ## - SYSTEM CONTROL NUMBERS (KOHA) | |
| Koha Dewey Subclass [OBSOLETE] | NO |
| 100 ## - MAIN ENTRY--PERSONAL NAME | |
| Personal name | SEQUERI PIERANGELO |
| 210 ## - ABBREVIATED TITLE | |
| Abbreviated title | LA RIVISTA DEL CLERO ITALIANO |
| 222 ## - KEY TITLE | |
| Key title | LA RIVISTA DEL CLERO ITALIANO |
| 245 #0 - TITLE STATEMENT | |
| Title | LA RIVISTA DEL CLERO ITALIANO. MAGGIO 2000. |
| 250 ## - EDITION STATEMENT | |
| Edition statement | 1a ed. |
| 260 ## - PUBLICATION, DISTRIBUTION, ETC. (IMPRINT) | |
| Place of publication, distribution, etc. | MILANO |
| Name of publisher, distributor, etc. | VITA E PENSIERO. SOCIETÀ EDITRICE |
| Date of publication, distribution, etc. | 2000 [1° Ed.:2000 - Ed.Ling.Originale: 2000] |
| 300 ## - PHYSICAL DESCRIPTION | |
| Extent | 80 p. |
| 310 ## - CURRENT PUBLICATION FREQUENCY | |
| Current publication frequency | MENSILE |
| 362 ## - DATES OF PUBLICATION AND/OR SEQUENTIAL DESIGNATION | |
| Dates of publication and/or sequential designation | Fascicolo: 5 / Anno: 81 (2000) |
| 500 ## - GENERAL NOTE | |
| General note | LA BIBBIA E I DIRITTI DELL'UOMO. SPERANZA DELLA CREAZIONE. IL TEMPO. IL RITO. LA LEGGE. CULTO E MORALE DELLA TRADIZIONE MOSAICA. ABRAMO LEVI. SENTIRE CUM ECCLESIA. IL MINISTERO EPISCOPALE DI A. ROMERO. ARDUSSO F. IL PERDONO DEL PAPA. BOLLIS E. IL PROFILO SPIRITUALE DEL PREDICATORE. SERENTHÀ M. PRESENZA DEL REGNO. TEMPO ORDINARIO. |
| 501 ## - WITH NOTE | |
| With note | Società San Paolo EM - Piazza San Paolo, 14 - 12051 ALBA (CN) (non commercial uses only) ® Copyright 2017 |
| 520 ## - SUMMARY, ETC. | |
| Summary, etc. | LA BIBBIA E I DIRITTI DELL'UOMO. SPERANZA DELLA CREAZIONE. IL TEMPO. IL RITO. LA LEGGE. CULTO E MORALE DELLA TRADIZIONE MOSAICA. ABRAMO LEVI. SENTIRE CUM ECCLESIA. IL MINISTERO EPISCOPALE DI A. ROMERO. ARDUSSO F. IL PERDONO DEL PAPA. BOLLIS E. IL PROFILO SPIRITUALE DEL PREDICATORE. SERENTHÀ M. PRESENZA DEL REGNO. TEMPO ORDINARIO. |
| 650 ## - SUBJECT ADDED ENTRY--TOPICAL TERM | |
| Topical term or geographic name as entry element | ECCLESIOLOGIA |
| 942 ## - ADDED ENTRY ELEMENTS (KOHA) | |
| Koha item type | RIVISTA |
| 957 ## - | |
| -- | 1 |
| 999 ## - SYSTEM CONTROL NUMBERS (KOHA) | |
| -- | 1 |
| Withdrawn status | Lost status | Damaged status | Not for loan | Home library | Current library | Date acquired | Total Checkouts | Full call number | Date last seen | Price effective from | Koha item type | Public note |
|---|---|---|---|---|---|---|---|---|---|---|---|---|
| Buone Condizioni | Not For Loan | ALBA - Biblioteca | ALBA - Biblioteca | 16/01/2017 | R052-S6107 | 16/01/2017 | 16/01/2017 | RIVISTA | (data import: 16 gennaio 2017) - By Epidotti, Vaglietti. |